عرض عادي
عرض مارك
- سميث، جينيفر.
مدخل إسم شخص
001 - رقم الضبط
- حقل الضبط: 14425
003 - معرف رقم الضبط
- حقل الضبط: OSt
005 - تاريخ ووقت أخر عملية
- حقل الضبط: 20120520114956.0
008 - عناصر بيانات ثابتة الطول
- حقل تحكم ثابت الطول: 120520|||a|||||| | ||| d
040 ## - مصدر الفهرسة
- هيئة الفهرسة الأصلية: OSt
- وكالة الكتابة: OSt
100 ## - مدخل -- أسم شخص
- إسم شخص: سميث، جينيفر.
670 ## - بيانات المصدر موجوده
- الاستشهاد بالمصدر: Work cat.: (OSt): سميث، جينيفر., Photoshop cs5 :, 2011.
